000
00305nam a2200109Ia 4500
008
171211s9999 xx 000 0 und d
245
_a
High Performance Responsive Design
245
_c
Tom barker
260
_c
2014
650
_x
Web Development
856
_u
http://down.ebook777.com/007/9781491949986.pdf
999
_c
350112
_d
350112